| 000 | 00706nam a2200253Ia 4500 | ||
|---|---|---|---|
| 003 | OSt | ||
| 005 | 20220926010623.0 | ||
| 006 | a|||||r|||| 00| 0 | ||
| 007 | ta | ||
| 008 | 220923b |||||||| |||| 00| 0 eng d | ||
| 020 | _a0300028741 | ||
| 037 | _cGeneral Book | ||
| 040 |
_aRTL _cRTL _beng |
||
| 041 |
_2eng _aeng |
||
| 082 | _aQ72.45.N8, M3 | ||
| 100 | _aKeddie Nikki R Ed. | ||
| 245 | 0 |
_aReligion and politics in Iran _b Shilism from quiet |
|
| 260 |
_aNew Haven _bYale University Press _c1983 |
||
| 300 |
_ax, 258p _ccm. |
||
| 500 | _aBib p. 237-44 | ||
| 650 |
_aIslam _9577 |
||
| 942 |
_hQ72.45.N8, M3 _cGB _2CC |
||
| 999 |
_c617789 _d617789 |
||